000 00492nam a2200145Ia 4500
008 230917s9999||||xx |||||||||||||| ||und||
040 _e98439
_aMAIN
041 _aEnglish
082 _a668.4234 I2T
100 _aIndia, Ministry of Science and Technology, Department of sci
245 0 _aTechnology in indian lldpe industry: a status report prepared under the national register of foreign collaborations
260 _aNew Delhi
_bGovt of India
_c1991
300 _axiv, 105 p.
942 _cBK
999 _c82160
_d82160